000 00952nam a2200265Ia 4500
003 OSt
005 20221005103950.0
006 a|||||r|||| 00| 0
007 ta
008 221004b |||||||| |||| 00| 0 hin d
020 _a9788179171578 (hbk)
_cINR 525.00
024 _a66361
037 _bGV719, 09/03/2020, Vani Prakashan
_cTextual
040 _aCRL
_cCRL
_bhin
041 _2hin
_ahin
082 _aX:321, 152Q4
100 _aमिश्र, गिरीश, ले.
245 0 _aउपभोक्तावाद
_b एक विश्लेषण
246 _aUpabhoktāvāda: ek vishleṣhaṇa
260 _aदिल्ली
_bग्रंथ शिल्पी भारत
_c2014
300 _a213पृ0
_ccm.
650 _aअर्थशास्त्र
942 _hX:321, 152Q4
_cTEXL
_2cc
999 _c1011393
_d1011393